[Event "52nd World Juniors 2013"]
[Site "Kocaeli TUR"]
[Date "2013.09.16"]
[Round "4.43"]
[White "Heinechen, John"]
[Black "Neves, Pedro"]
[Result "0-1"]
[WhiteElo "1901"]
[BlackElo "2212"]
[WhiteFideId "3700976"]
[BlackFideId "1905554"]
[EventDate "2013.09.13"]

1. e4 c5 2. Nf3 Nc6 3. Bb5 g6 4. O-O Bg7 5. c3 Nf6 6. Re1 O-O 7. d4 cxd4 8. cxd4
d5 9. e5 Ne4 10. Nbd2 Nxd2 11. Bxd2 Qb6 12. Bxc6 bxc6 13. Bc3 Bg4 14. h3 Bxf3
15. Qxf3 e6 16. Qe3 a5 17. Rac1 Rfc8 18. Qf4 Bf8 19. Re3 Rc7 20. Rd1 c5 21. h4
cxd4 22. Bxd4 Qb4 23. h5 Qa4 24. Rdd3 Qxa2 25. Rf3 Qb1+ 26. Kh2 Qc1 27. Rde3 Qb1
28. Rd3 Rb8 29. h6 Qc1 30. Be3 Qxb2 31. Rxd5 Rb4 32. Rd4 Rxd4 33. Bxd4 Qb4 34.
Qe3 Bxh6 35. Qxh6 Qxd4 36. Rh3 Qxe5+ 37. f4 Qg7 38. Qg5 Qd4 39. Qh6 Qg7 40. Qg5
Qd4 41. Qh6 Qh8 42. Qg5 Rc8 43. Qxa5 Qd4 44. Qe5 Qxe5 45. fxe5 Kg7 46. Re3 g5
47. Rg3 Kg6 48. Rf3 Rc5 49. Re3 Rc2 50. Kg3 h5 51. Kh3 g4+ 52. Kh2 h4 53. Re1 h3
54. Rf1 Rxg2+ 55. Kh1 Re2 56. Rf6+ Kg5 57. Rxf7 g3 58. Rg7+ Kf4 59. Rf7+ Kxe5 0-1

[Event "52nd World Juniors 2013"]
[Site "Kocaeli TUR"]
[Date "2013.09.16"]
[Round "4.44"]
[White "Koksal, Ege"]
[Black "Cingoz, Ozan"]
[Result "0-1"]
[WhiteTitle "CM"]
[WhiteElo "2207"]
[BlackElo "1918"]
[WhiteFideId "6317626"]
[BlackFideId "6333397"]
[EventDate "2013.09.13"]

1. d4 Nf6 2. Nf3 e6 3. g3 c5 4. Bg2 cxd4 5. O-O Be7 6. Nxd4 O-O 7. c4 d6 8. Nc3
a6 9. b3 Qc7 10. Bb2 Nc6 11. Rc1 Nxd4 12. Qxd4 Rb8 13. Rfd1 Rd8 14. Qf4 b6 15.
Na4 Ne8 16. c5 bxc5 17. Rxc5 dxc5 18. Rxd8 Bxd8 19. Be5 Qa5 20. Bxb8 Bd7 21. Nb2
Bb5 22. Nd3 Qxa2 23. Be4 Qxe2 24. Qe3 f5 0-1

[Event "52nd World Juniors 2013"]
[Site "Kocaeli TUR"]
[Date "2013.09.16"]
[Round "4.45"]
[White "Baasansuren, Erdene"]
[Black "Nuri, Murad"]
[Result "0-1"]
[WhiteTitle "CM"]
[WhiteElo "1844"]
[BlackElo "2206"]
[WhiteFideId "4902084"]
[BlackFideId "13404474"]
[EventDate "2013.09.13"]

1. d4 g6 2. c4 Bg7 3. Nc3 d6 4. Nf3 Nc6 5. e4 Bg4 6. d5 Nd4 7. Be2 Nxe2 8. Qxe2
Nf6 9. h3 Bc8 10. Be3 O-O 11. Qd2 Re8 12. O-O e6 13. Bg5 Bd7 14. Nd4 e5 15. Ndb5
a6 16. Na3 Qe7 17. Rae1 Qf8 18. b4 a5 19. Ncb5 axb4 20. Qxb4 Rec8 21. f4 Nh5 22.
fxe5 Bxe5 23. c5 dxc5 24. Qb3 Qe8 25. Rf3 Ra5 26. Nc3 b5 27. Nc2 b4 28. Nb1 Ba4
29. Qd3 Bb5 30. Qb3 Rca8 31. a3 Ba4 32. Qc4 Qb5 33. Qxb5 Rxb5 34. Ne3 Bd4 35.
Kh1 b3 36. Nc4 b2 37. Be3 Bc2 38. Bxd4 cxd4 39. g4 Ng7 40. Rf2 d3 41. Ncd2 Rc5
42. Kg1 c6 43. dxc6 Rxc6 44. Ref1 Ra7 45. Nf3 Ne6 46. Rd2 Bxb1 47. Rxb1 Rc1+ 48.
Rd1 Rxd1+ 49. Rxd1 Rc7 50. Nd2 Rc1 51. Rf1 Nc5 52. a4 Nxe4 53. Nb1 d2 0-1

[Event "52nd World Juniors 2013"]
[Site "Kocaeli TUR"]
[Date "2013.09.16"]
[Round "4.46"]
[White "Soysal, Serkan"]
[Black "Aydin, Hasan Bora"]
[Result "1/2-1/2"]
[WhiteElo "2097"]
[BlackElo "1848"]
[WhiteFideId "6349250"]
[BlackFideId "6336612"]
[EventDate "2013.09.13"]

1. e4 c5 2. Nc3 a6 3. Nf3 b5 4. d4 cxd4 5. Nxd4 Bb7 6. Bd3 g6 7. O-O Bg7 8. Nb3
d6 9. a4 b4 10. Nd5 Nf6 11. Nxb4 Nxe4 12. Bxe4 Bxe4 13. Re1 Bb7 14. Bg5 f6 15.
Nd4 Qb6 16. Ne6 Qxb4 17. Nxg7+ Kf7 18. Bd2 Qb6 19. Ne6 Nd7 20. Bc3 Nc5 21. Qg4
Bc8 22. Ng5+ fxg5 23. Qf3+ Bf5 24. Bxh8 Rxh8 25. g4 Qb7 26. Qc3 e5 27. gxf5 gxf5
28. Rad1 Rd8 29. Rxe5 dxe5 30. Rxd8 Ne6 31. Rh8 Qe4 32. Rxh7+ Kg6 33. f3 Qe2 34.
Rd7 Nd4 35. Rxd4 exd4 36. Qxd4 Qe1+ 37. Kg2 Qc1 38. b3 a5 39. Qd3 Kf6 40. Qa6+
Kf7 41. Qb7+ Ke6 42. Qc8+ Kf6 43. Qf8+ Kg6 44. Qe8+ Kf6 45. Qc6+ Ke5 46. Qc7+
Ke6 47. Qc4+ Ke5 48. Qb5+ Kf6 49. Qb6+ Kf7 50. Qb7+ Kf6 51. Qc6+ Ke5 52. Qe8+
Kf6 53. Qc6+ Ke5 54. Qe8+ Kf6 55. Qe2 Kf7 56. Qc4+ Ke7 57. Qd3 Ke6 58. Kf2 Qf4
59. Ke2 Qc1 60. b4 axb4 61. a5 Qa3 62. Qc4+ Ke5 63. Qc7+ Kf6 64. Qd6+ Kf7 65.
Qd7+ Kg6 66. Qe6+ Kg7 67. Qxf5 1/2-1/2

[Event "52nd World Juniors 2013"]
[Site "Kocaeli TUR"]
[Date "2013.09.16"]
[Round "4.47"]
[White "Igonin, Temur"]
[Black "Zhanbai Uulu, Zhokhar"]
[Result "0-1"]
[WhiteTitle "FM"]
[WhiteElo "2074"]
[BlackElo "1843"]
[WhiteFideId "14203049"]
[BlackFideId "13800809"]
[EventDate "2013.09.13"]

1. e4 c5 2. Nf3 b6 3. d4 cxd4 4. Nxd4 Bb7 5. Nc3 a6 6. Be2 e6 7. O-O Qc7 8. f4
d6 9. Kh1 Nd7 10. a4 Ngf6 11. Bd3 Be7 0-1

[Event "52nd World Juniors 2013"]
[Site "Kocaeli TUR"]
[Date "2013.09.16"]
[Round "4.48"]
[White "Mamyrbay, Assad"]
[Black "Vucic, Mihovil"]
[Result "0-1"]
[WhiteElo "1823"]
[BlackElo "2063"]
[WhiteFideId "13708880"]
[BlackFideId "14514990"]
[EventDate "2013.09.13"]

1. e4 c5 2. Nf3 d6 3. d4 cxd4 4. Nxd4 Nf6 5. Nc3 g6 6. Be3 Bg7 7. f3 O-O 8. g4
Nc6 9. Qd2 Be6 10. O-O-O Nxd4 11. Bxd4 Qa5 12. a3 Rfc8 13. Kb1 Rab8 14. h4 b5
15. Nd5 Qxd2 16. Rxd2 Nxd5 17. exd5 a5 18. Ba7 Rb7 19. Be3 Bd7 20. f4 Rc5 0-1

[Event "52nd World Juniors 2013"]
[Site "Kocaeli TUR"]
[Date "2013.09.16"]
[Round "4.49"]
[White "Karabayir, Mustafa Yilmaz"]
[Black "Gaehwiler, Gabriel"]
[Result "1/2-1/2"]
[WhiteElo "1926"]
[BlackElo "2287"]
[WhiteFideId "6300090"]
[BlackFideId "1314530"]
[EventDate "2013.09.13"]

1. e4 c5 2. Nf3 d6 3. d4 cxd4 4. Qxd4 a6 5. c4 Nc6 6. Qd2 Nf6 7. Nc3 g6 8. b3
Bg7 9. Bb2 O-O 10. Be2 b6 11. O-O Bb7 12. h3 Qb8 13. Rfe1 Rd8 14. Bf1 e6 15.
Rad1 Qc7 16. Ba1 Rac8 17. Rc1 Qb8 18. Qe3 Nd7 19. a3 Na5 20. Nd2 Re8 21. b4 d5
22. Nxd5 Bxa1 23. Nxb6 Nxb6 24. Qxb6 Red8 25. Rxa1 Rxd2 26. Qxa5 Qf4 27. Qb6
Bxe4 28. Qe3 Qxe3 29. Rxe3 Bb7 30. Rc3 Rcd8 31. c5 Rb2 32. c6 Bc8 33. Rac1 Rdd2
34. Rd3 Rxd3 35. Bxd3 Rb3 36. Rd1 Kf8 37. Bc4 Rc3 38. Rd8+ Ke7 39. Rxc8 Rxc4 40.
Rc7+ Kf6 41. Kf1 Ke5 42. Rxf7 Rxc6 43. Rxh7 Rc1+ 44. Ke2 Ra1 45. Rg7 Kf6 46. Rd7
Rxa3 47. Rd3 Ra2+ 48. Kf3 Rb2 49. Rd4 Rb3+ 50. Kg4 a5 51. bxa5 Ra3 52. Rf4+ Kg7
53. Re4 Kf6 54. Rf4+ Kg7 55. Re4 Kf6 56. f4 Rxa5 57. h4 Rb5 58. g3 Ra5 59. Re1
Ra3 60. Re5 Rb3 61. Rg5 Rb1 62. h5 gxh5+ 63. Rxh5 Kg6 64. Rg5+ Kf6 65. Rg8 Ra1
66. Rf8+ Kg7 67. Rc8 Kf6 68. Rc5 Rb1 69. Rh5 Kg6 70. Rg5+ Kf6 71. Kf3 Rb3+ 72.
Kg4 Rb1 73. Rh5 Kg6 74. Rh2 Ra1 75. Kh3 e5 76. Rb2 exf4 77. gxf4 Kf5 1/2-1/2

[Event "52nd World Juniors 2013"]
[Site "Kocaeli TUR"]
[Date "2013.09.16"]
[Round "4.50"]
[White "Kulkarni, Rakesh"]
[Black "Kitir, Ahmet"]
[Result "0-1"]
[WhiteElo "2283"]
[BlackElo "1866"]
[WhiteFideId "5037077"]
[BlackFideId "6327737"]
[EventDate "2013.09.13"]

1. e4 e6 2. d4 d5 3. exd5 exd5 4. c4 Nf6 5. Nc3 Be7 6. Nf3 O-O 7. Be2 c6 8. O-O
dxc4 9. Bxc4 Nbd7 10. h3 Nb6 11. Bb3 Nbd5 12. Re1 Be6 13. Bc2 Nxc3 14. bxc3 Nd5
15. Bd2 g6 16. Ne5 Bf6 17. Qf3 Bg7 18. Rad1 Nb6 19. Ng4 Bxa2 20. Nh6+ Kh8 21.
Nf5 Qf6 22. Nxg7 Qxf3 23. gxf3 Kxg7 24. Re7 Rfb8 25. Bf4 Nd5 26. Be5+ Kf8 27.
Rd7 Ke8 28. Rd6 Rd8 29. Rxd8+ Kxd8 30. Ra1 Bc4 31. Ra3 f6 32. Bg3 Kd7 33. h4 a5
34. h5 f5 35. Be5 b5 36. f4 Ra6 37. Kg2 b4 38. cxb4 axb4 39. Rg3 Ra3 40. Rg5 b3
41. Bxb3 Bxb3 42. hxg6 hxg6 43. Rg3 0-1

[Event "52nd World Juniors 2013"]
[Site "Kocaeli TUR"]
[Date "2013.09.16"]
[Round "4.51"]
[White "Tomazini, Zan"]
[Black "Mesic, Vehid"]
[Result "1-0"]
[WhiteTitle "FM"]
[WhiteElo "2277"]
[BlackElo "1576"]
[WhiteFideId "14608162"]
[BlackFideId "14404320"]
[EventDate "2013.09.13"]

1. e4 e5 2. Nf3 Nc6 3. Bc4 Nf6 4. d3 Bc5 5. Bb3 d6 6. c3 O-O 7. h3 a6 8. Nbd2
Ba7 9. Nf1 d5 10. Qe2 Be6 11. Bc2 Qe7 12. Ng3 Rad8 13. Bg5 h6 14. Bh4 Bc8 15.
Nh5 g5 16. Nxf6+ Qxf6 17. Bg3 Rfe8 18. exd5 Rxd5 19. d4 Kf8 20. O-O exd4 21. Qd2
Bxh3 22. Nxd4 Bxd4 23. cxd4 Nxd4 24. Bd1 Bf5 25. Bxc7 Be4 26. Rc1 Qe6 27. Re1
Qc8 28. Qb4+ Kg8 29. Qd6 1-0

[Event "52nd World Juniors 2013"]
[Site "Kocaeli TUR"]
[Date "2013.09.16"]
[Round "4.52"]
[White "Kilic, Efe Mert"]
[Black "Meftahi, Houssem"]
[Result "1-0"]
[WhiteElo "1843"]
[BlackElo "2076"]
[WhiteFideId "6354327"]
[BlackFideId "5501660"]
[EventDate "2013.09.13"]

1. e4 c5 2. Nf3 Nc6 3. Bb5 e6 4. O-O Nge7 5. Re1 a6 6. Bf1 Ng6 7. c3 d5 8. exd5
Qxd5 9. d4 Be7 10. c4 Qd8 11. d5 Nb8 12. Qa4+ Bd7 13. Qb3 Qc7 14. Nc3 O-O 15.
Bg5 Bd6 16. Rad1 e5 17. Ne4 Bc8 18. h4 Nd7 19. h5 Nh8 20. h6 f5 21. hxg7 Kxg7
22. Nxd6 Qxd6 23. Qc3 Ng6 24. Nxe5 Ndxe5 25. f4 Re8 26. fxe5 Rxe5 27. Bf4 1-0

[Event "52nd World Juniors 2013"]
[Site "Kocaeli TUR"]
[Date "2013.09.16"]
[Round "4.53"]
[White "Du Plessis, Heinco"]
[Black "Atay, Sergen"]
[Result "1-0"]
[WhiteElo "2050"]
[BlackElo "1713"]
[WhiteFideId "14306263"]
[BlackFideId "6309143"]
[EventDate "2013.09.13"]

1. e4 e5 2. Nf3 Nc6 3. d4 exd4 4. Bc4 Nf6 5. e5 Ng4 6. O-O d6 7. exd6 Qxd6 8.
Re1+ Be7 9. b3 O-O 10. Ba3 Qf6 11. Bxe7 Nxe7 12. h3 Nh6 13. Qxd4 Qxd4 14. Nxd4
Nhf5 15. Nf3 Nd6 16. Bd3 Be6 17. c4 Rad8 18. Nc3 c5 19. Ne4 b6 20. g4 1-0

[Event "52nd World Juniors 2013"]
[Site "Kocaeli TUR"]
[Date "2013.09.16"]
[Round "4.54"]
[White "Abdrashev, Arlen"]
[Black "Zeydan, Salih"]
[Result "0-1"]
[WhiteElo "1745"]
[BlackElo "1968"]
[WhiteFideId "13710257"]
[BlackFideId "6361722"]
[EventDate "2013.09.13"]

1. c4 c5 2. Nc3 b6 3. Nf3 Bb7 4. g3 Nf6 5. Bg2 d6 6. O-O Nbd7 7. d4 cxd4 8. Qxd4
g6 9. b3 Bg7 10. Bb2 O-O 11. Rac1 Nc5 12. Rfd1 Rc8 13. Nd5 Bxd5 14. cxd5 Nh5 15.
Qd2 Ne4 16. Qe3 Nxf2 17. Kxf2 Bxb2 18. Rxc8 Qxc8 19. Qxe7 Nf6 20. Nd4 Ng4+ 21.
Kg1 Re8 22. Qh4 Bxd4+ 23. Rxd4 Qc1+ 0-1

[Event "52nd World Juniors 2013"]
[Site "Kocaeli TUR"]
[Date "2013.09.16"]
[Round "4.55"]
[White "Ertekin, Oguzhan"]
[Black "Pecurica, Milos"]
[Result "0-1"]
[WhiteElo "1583"]
[BlackElo "2190"]
[WhiteFideId "6337481"]
[BlackFideId "944963"]
[EventDate "2013.09.13"]

1. Nf3 c5 2. c4 Nc6 3. d4 cxd4 4. Nxd4 Nf6 5. Nc3 e6 6. e4 Bb4 7. Bg5 Qa5 8. Bd2
Nxd4 9. a3 e5 10. axb4 Qxa1 11. Qxa1 Nc2+ 12. Ke2 Nxa1 13. f4 d6 14. Nb5 Bg4+
15. Kd3 Ke7 16. c5 dxc5 17. f5 c4+ 18. Kc3 0-1

[Event "52nd World Juniors 2013"]
[Site "Kocaeli TUR"]
[Date "2013.09.16"]
[Round "4.56"]
[White "Karaokcu, Erkin"]
[Black "Topac, Ahmet Eren"]
[Result "1-0"]
[WhiteElo "2014"]
[BlackElo "1800"]
[WhiteFideId "6348459"]
[BlackFideId "6311873"]
[EventDate "2013.09.13"]

1. c4 e5 2. g3 d6 3. Bg2 Be7 4. Nc3 c6 5. d4 Be6 6. d5 Bd7 7. dxc6 bxc6 8. Nf3
g5 9. c5 g4 10. cxd6 Bf6 11. Nd2 h5 12. Nde4 Bg7 13. Be3 f5 14. Nc5 Qf6 15. Qb3
f4 16. N3e4 Qf5 17. Qb7 fxe3 18. fxe3 Nf6 19. Rf1 Qg6 20. Qxa8 O-O 21. Qxa7 Bf5
22. Nxf6+ Bxf6 23. e4 Bg5 24. exf5 Qxd6 25. Rd1 Qh6 26. Ne6 1-0

[Event "52nd World Juniors 2013"]
[Site "Kocaeli TUR"]
[Date "2013.09.16"]
[Round "4.57"]
[White "Sahin, Ozgun"]
[Black "Garcia Herrera, Enrique Ric"]
[Result "1-0"]
[BlackTitle "CM"]
[WhiteElo "1857"]
[BlackElo "1653"]
[WhiteFideId "6328121"]
[BlackFideId "5115124"]
[EventDate "2013.09.13"]

1. e4 e5 2. Nf3 Nc6 3. Bb5 a6 4. Ba4 d6 5. h3 Nf6 6. d3 Be7 7. c3 Bd7 8. O-O O-O
9. Re1 Re8 10. Nbd2 Bf8 11. Nf1 h6 12. Ng3 b5 13. Bb3 Nh7 14. Be3 Qf6 15. d4 g6
16. dxe5 Nxe5 17. Nxe5 Qxe5 18. Bd4 Qe7 19. e5 c5 20. exd6 Qxd6 21. Qf3 Ng5 22.
Bxf7+ Nxf7 23. Ne4 Ng5 24. Nf6+ Kf7 1-0

[Event "52nd World Juniors 2013"]
[Site "Kocaeli TUR"]
[Date "2013.09.16"]
[Round "4.58"]
[White "Percin, Onder"]
[Black "Uraz, Abdullah Kerim"]
[Result "1-0"]
[WhiteElo "1838"]
[BlackElo "1602"]
[WhiteFideId "6345190"]
[BlackFideId "2044846"]
[EventDate "2013.09.13"]

1. e4 c5 2. Nc3 d6 3. g3 Nc6 4. Bg2 g6 5. d3 Bg7 6. f4 Rb8 7. Nf3 Bg4 8. h3 Bxf3
9. Qxf3 Nd4 10. Qf2 e6 11. Be3 Ne7 12. O-O Nec6 13. Nd1 f5 14. a4 O-O 15. c3 Nb3
16. Ra3 Nba5 17. g4 c4 18. exf5 gxf5 19. gxf5 Rxf5 20. Be4 Rh5 21. Qg2 d5 22.
Bf3 Rf5 23. Kh1 Rf6 24. Bh5 Qe7 25. d4 Rh6 26. Bg4 Rf8 27. f5 Rh4 28. fxe6 h5
29. Rxf8+ Kxf8 30. Bf5 Bf6 31. Bh6+ Bg7 32. Bg5 Bf6 33. Bxh4 Bxh4 34. Ne3 Nb3
35. Nxd5 Qg5 36. Qf1 Nd2 37. Qf4 Qxf4 38. Nxf4 Ne7 39. Ng6+ Nxg6 40. Bxg6 Ke7
41. d5 Nb3 42. Bc2 Nc1 43. b3 Kd6 44. bxc4 Ke5 45. Ra1 Ne2 46. e7 Kf4 47. e8=Q
Kf3 48. Qe4+ Kf2 49. Qxh4+ Kf3 50. Rf1+ Ke3 51. Qe4+ 1-0

[Event "52nd World Juniors 2013"]
[Site "Kocaeli TUR"]
[Date "2013.09.17"]
[Round "5.1"]
[White "Ipatov, Alexander"]
[Black "Yu, Yangyi"]
[Result "1/2-1/2"]
[WhiteTitle "GM"]
[BlackTitle "GM"]
[WhiteElo "2601"]
[BlackElo "2662"]
[WhiteFideId "14116731"]
[BlackFideId "8603820"]
[EventDate "2013.09.13"]

1. d4 Nf6 2. c4 e6 3. Nc3 Bb4 4. e3 O-O 5. Ne2 c6 6. a3 Ba5 7. b4 Bc7 8. d5 exd5
9. cxd5 cxd5 10. g3 Nc6 11. Bg2 Be5 12. O-O Re8 13. f4 Bxc3 14. Nxc3 d4 15. exd4
d5 16. f5 h6 17. g4 Qb6 18. Rf4 Bd7 19. h4 Rac8 20. g5 hxg5 21. hxg5 Nxd4 22.
Qxd4 Qxd4+ 23. Rxd4 Rxc3 24. gxf6 Re1+ 25. Kf2 Rexc1 26. Rxc1 Rxc1 27. Bxd5 Bc6
28. Bxc6 Rxc6 29. fxg7 Kxg7 30. Rd7 Ra6 31. Rxb7 Rxa3 32. b5 Kf6 33. Ke2 Kxf5 1/2-1/2

[Event "52nd World Juniors 2013"]
[Site "Kocaeli TUR"]
[Date "2013.09.17"]
[Round "5.2"]
[White "Vidit, Santosh Gujrathi"]
[Black "Duda, Jan-Krzysztof"]
[Result "1/2-1/2"]
[WhiteTitle "GM"]
[BlackTitle "IM"]
[WhiteElo "2565"]
[BlackElo "2534"]
[WhiteFideId "5029465"]
[BlackFideId "1170546"]
[EventDate "2013.09.13"]

1. d4 Nf6 2. Nf3 e6 3. c4 b6 4. e3 Bb7 5. Bd3 Be7 6. O-O c5 7. Nc3 cxd4 8. exd4
d5 9. cxd5 Nxd5 10. Ne5 O-O 11. Qf3 Nd7 12. Qh3 f5 13. Nf3 Rc8 14. Bd2 Nxc3 15.
bxc3 Nc5 16. Bc4 b5 17. Bb3 Nxb3 18. axb3 a6 19. Rfe1 Qd5 20. Rab1 Rf6 21. Ne5
b4 22. c4 Qxd4 23. Bg5 Be4 24. Bxf6 Bxf6 25. Nf3 Qd3 26. Rbc1 Rd8 27. Re3 Qd6
28. c5 Qe7 29. c6 Rc8 30. Qg3 h5 31. h4 Rxc6 32. Rxc6 Bxc6 33. Qf4 Be4 34. Rxe4
fxe4 35. Qxe4 Qd7 36. Qxb4 Qd1+ 37. Kh2 Qd5 38. Qa4 1/2-1/2

[Event "52nd World Juniors 2013"]
[Site "Kocaeli TUR"]
[Date "2013.09.17"]
[Round "5.3"]
[White "Stukopin, Andrey"]
[Black "Sethuraman, S.P."]
[Result "0-1"]
[WhiteTitle "IM"]
[BlackTitle "GM"]
[WhiteElo "2522"]
[BlackElo "2553"]
[WhiteFideId "24107131"]
[BlackFideId "5021596"]
[EventDate "2013.09.13"]

1. e4 c5 2. Nf3 d6 3. d4 cxd4 4. Nxd4 Nf6 5. Nc3 a6 6. Be3 e6 7. f3 b5 8. Qd2 b4
9. Nce2 e5 10. Nb3 Nc6 11. c4 a5 12. Ng3 a4 13. Nc1 h5 14. Bd3 h4 15. Nf1 Be6
16. Ne2 Nd7 17. Bf2 h3 18. g4 g6 19. Rg1 Be7 20. Ne3 Bg5 21. Qd1 Bh4 22. Nd5
Bxd5 23. cxd5 Bxf2+ 24. Kxf2 Qb6+ 25. Kg3 Ne7 26. Qd2 f5 27. exf5 gxf5 28. Qg5
f4+ 29. Nxf4 exf4+ 30. Qxf4 Ne5 31. Be4 Kd7 32. Rgf1 Raf8 33. Qd2 Nc4 34. Qc2
Ne3 35. Qxa4+ Kc7 36. Rfc1+ Kb8 37. Qd7 N3f5+ 0-1

[Event "52nd World Juniors 2013"]
[Site "Kocaeli TUR"]
[Date "2013.09.17"]
[Round "5.4"]
[White "Idani, Pouya"]
[Black "Eliseev, Urii"]
[Result "1/2-1/2"]
[WhiteTitle "IM"]
[BlackTitle "IM"]
[WhiteElo "2480"]
[BlackElo "2550"]
[WhiteFideId "12510130"]
[BlackFideId "24131920"]
[EventDate "2013.09.13"]

1. e4 c5 2. Nf3 Nc6 3. d4 cxd4 4. Nxd4 Nf6 5. Nc3 d6 6. Bg5 e6 7. Qd2 a6 8.
O-O-O Bd7 9. f4 b5 10. Bxf6 gxf6 11. Kb1 Qb6 12. Nf3 O-O-O 13. g3 Kb8 14. Bg2
Be7 15. Rhe1 Na5 16. b3 Rc8 17. Ne2 Rc7 18. f5 e5 19. Nc3 Bc6 20. Qe3 Qb7 21.
Qh6 Qc8 22. Re2 Nb7 23. Ne1 Nc5 24. Nd3 Bb7 25. Nxc5 Rxc5 26. Nd5 Bxd5 27. exd5
Qe8 28. Re4 Qc8 29. Re2 Qe8 30. Re4 Qc8 31. Re2 Qe8 32. Re4 Qc8 1/2-1/2

[Event "52nd World Juniors 2013"]
[Site "Kocaeli TUR"]
[Date "2013.09.17"]
[Round "5.5"]
[White "Salem, A.R. Saleh"]
[Black "Petenyi, Tamas"]
[Result "1/2-1/2"]
[WhiteTitle "GM"]
[BlackTitle "IM"]
[WhiteElo "2570"]
[BlackElo "2468"]
[WhiteFideId "9301348"]
[BlackFideId "14909090"]
[EventDate "2013.09.13"]

1. d4 Nf6 2. c4 Nc6 3. Nf3 e6 4. a3 d6 5. Nc3 g6 6. Bg5 Bg7 7. e3 h6 8. Bh4 g5
9. Bg3 Nh5 10. Be2 Nxg3 11. hxg3 Qe7 12. Qc2 Bd7 13. d5 Ne5 14. Nd4 c5 15. Ndb5
Bxb5 16. cxb5 O-O-O 17. a4 Nd7 18. Rd1 Bxc3+ 19. Qxc3 Nf6 20. dxe6 fxe6 21. g4
Rdf8 22. Qc2 d5 23. Rc1 c4 24. O-O Kb8 25. b3 cxb3 26. Qxb3 h5 27. b6 axb6 28.
gxh5 g4 29. e4 Nxe4 30. Bxg4 Rhg8 1/2-1/2

[Event "52nd World Juniors 2013"]
[Site "Kocaeli TUR"]
[Date "2013.09.17"]
[Round "5.7"]
[White "Martinez Romero, Martin"]
[Black "Debashis, Das"]
[Result "0-1"]
[WhiteTitle "IM"]
[BlackTitle "IM"]
[WhiteElo "2404"]
[BlackElo "2489"]
[WhiteFideId "4404025"]
[BlackFideId "5024854"]
[EventDate "2013.09.13"]

1. e4 c5 2. Nf3 d6 3. d4 cxd4 4. Nxd4 Nf6 5. Nc3 a6 6. Bc4 e6 7. O-O Nbd7 8. Re1
Nb6 9. Bb3 Be7 10. f4 O-O 11. Qf3 Qc7 12. f5 Nc4 13. Kh1 b5 14. Bg5 Bd7 15. Rad1
Nxb2 16. fxe6 Nxd1 17. exf7+ Kh8 18. Bxf6 Bxf6 19. Nd5 Qa5 20. Qxd1 Bxd4 21. Rf1
Be6 22. Qxd4 Rxf7 23. Nf4 Bxb3 24. axb3 Qc7 25. Qd2 Raf8 26. Rf3 d5 27. Nxd5 Qe5
28. Nc3 Rxf3 29. gxf3 Qf6 30. Qe3 Qxf3+ 31. Qxf3 Rxf3 32. Nd5 Rf2 33. c4 bxc4
34. bxc4 Rc2 35. Nb6 Re2 36. c5 Rxe4 37. c6 Re1+ 0-1

[Event "52nd World Juniors 2013"]
[Site "Kocaeli TUR"]
[Date "2013.09.17"]
[Round "5.8"]
[White "Kanarek, Marcel"]
[Black "Benitez Lozano, Javier"]
[Result "1-0"]
[WhiteTitle "IM"]
[BlackTitle "CM"]
[WhiteElo "2483"]
[BlackElo "2308"]
[WhiteFideId "1126822"]
[BlackFideId "5102472"]
[EventDate "2013.09.13"]

1. c4 e6 2. Nc3 d5 3. d4 Nf6 4. Bg5 Be7 5. e3 h6 6. Bh4 O-O 7. cxd5 exd5 8. Bd3
c6 9. Nge2 Ne4 10. Bxe7 Qxe7 11. Ng3 f5 12. O-O Nd7 13. Nge2 Ndf6 14. Nf4 Qe8
15. Be2 Be6 16. f3 Nd6 17. Re1 Bf7 18. Bf1 g5 19. Nd3 Bg6 20. g3 Nd7 21. Bg2 Qe7
22. f4 Nf6 23. Ne5 Bh5 24. Qc2 Nd7 25. b4 a6 26. a4 Nxe5 27. fxe5 Ne4 28. b5
axb5 29. axb5 Rxa1 30. Rxa1 Be8 31. Qb3 Nd2 32. Qa2 Ne4 33. Bxe4 fxe4 34. Nxe4
Bg6 35. Nf6+ Rxf6 36. exf6 Qxe3+ 37. Qf2 Qxf2+ 38. Kxf2 cxb5 39. Ra7 b6 40. Rg7+
Kf8 41. Rxg6 1-0

[Event "52nd World Juniors 2013"]
[Site "Kocaeli TUR"]
[Date "2013.09.17"]
[Round "5.9"]
[White "Muhammad, Luthfi Ali"]
[Black "Grover, Sahaj"]
[Result "0-1"]
[WhiteTitle "CM"]
[BlackTitle "GM"]
[WhiteElo "2277"]
[BlackElo "2479"]
[WhiteFideId "7103743"]
[BlackFideId "5021103"]
[EventDate "2013.09.13"]

1. e4 c5 2. Nf3 d6 3. d4 cxd4 4. Nxd4 Nf6 5. Nc3 a6 6. Be3 e6 7. a4 Be7 8. Be2
Nc6 9. O-O Qc7 10. f4 O-O 11. Kh1 Nxd4 12. Qxd4 e5 13. Qd2 exf4 14. Rxf4 Be6 15.
Nd5 Bxd5 16. exd5 Nd7 17. Rc4 Qb8 18. Bf4 Bf6 19. Qb4 Be5 20. Be3 f5 21. Bf3 Rf7
22. Rd1 b5 23. Rc6 bxa4 24. Qxa4 a5 25. c4 Qxb2 26. c5 Qb4 27. Qc2 a4 28. cxd6
a3 29. Rc8+ Rf8 30. Rxf8+ Rxf8 31. Rb1 Qc3 32. Qa4 Qxe3 33. Qxd7 Qf4 34. Qe6+
Kh8 0-1

[Event "52nd World Juniors 2013"]
[Site "Kocaeli TUR"]
[Date "2013.09.17"]
[Round "5.13"]
[White "Kovalev, Vladislav"]
[Black "Laurusas, Tomas"]
[Result "1-0"]
[WhiteTitle "IM"]
[WhiteElo "2568"]
[BlackElo "2398"]
[WhiteFideId "13504398"]
[BlackFideId "12803731"]
[EventDate "2013.09.13"]

1. e4 c6 2. d4 d5 3. Nc3 dxe4 4. Nxe4 Bf5 5. Ng3 Bg6 6. h4 h6 7. Nf3 Nd7 8. h5
Bh7 9. Bd3 Bxd3 10. Qxd3 e6 11. Bd2 Ngf6 12. O-O-O Be7 13. Ne4 Nxe4 14. Qxe4 Nf6
15. Qd3 Qb6 16. Ne5 Rf8 17. Qe2 Qc7 18. Rh3 Bd6 19. Rb3 a5 20. a4 Nd5 21. Qg4
Bxe5 22. dxe5 O-O-O 23. Qxg7 Rg8 24. Qxh6 Qxe5 25. Bxa5 Rh8 26. Qd2 Nb6 27. Bxb6
Rxd2 28. Rxd2 1-0